000 00724nam a2200205 i 4500
001 184823
003 ES-MaACL
005 20260104170048.0
008 160202s1962 sp |||| | spa d
080 _a821.133.1-31"18"
100 1 _aFlaubert, Gustave,
_d1821-1880
_951134
245 1 0 _aMadame Bovary ; Salammbô /
_cGustave Flaubert ; versión castellana, prólogo y notas de Joan Sales ; [ilustraciones de J. Vila Grau y Datsira.
260 _aBarcelona :
_bVergara,
_cimp. 1962.
300 _a955 p., [12] h. de lám. col. ;
_c19 cm.
490 1 _aClásicos Vergara
700 0 _aSales, Joan.
_9101875
830 0 _aClásicos Vergara
_9192239
852 _aES-MaACL
_jC-23024
999 _c184823
_d184823